Mecánica de materiales
Gorde:
| Egile Nagusiak: | , , |
|---|---|
| Formatua: | Liburua |
| Hizkuntza: | gaztelania |
| Argitaratua: |
Ciudad de México
McGraw-Hill
2004
|
| Edizioa: | 3a. ed |
| Gaiak: | |
| Etiketak: |
Etiketa erantsi
Etiketarik gabe, Izan zaitez lehena erregistro honi etiketa jartzen!
|
MARC
| LEADER | 00000nam a2200000 a 4500 | ||
|---|---|---|---|
| 001 | UCK8295 | ||
| 003 | CL-VaPUC | ||
| 008 | 060310e20040000MX |||||||||||||||||spa|d | ||
| 020 | |a 9701039505 | ||
| 082 | 0 | 4 | |a 620.1123 |b BEE |2 21 |
| 100 | 0 | |a Beer, Ferdinand Pierre |e author |9 498079 | |
| 700 | 0 | |a Johnston, Ellwood Russell |e author |9 498080 | |
| 700 | 0 | |a Dewolf, John |e author |9 498081 | |
| 245 | 1 | 0 | |a Mecánica de materiales |
| 250 | |a 3a. ed | ||
| 300 | |a 790 p | ||
| 942 | |c BK | ||
| 945 | |d 20060310 00:00:00 |a jtorresc | ||
| 260 | |a Ciudad de México |b McGraw-Hill |c 2004 | ||
| 650 | 0 | |a Resistencia de materiales |9 260095 | |
| 650 | 0 | |a Propiedades físicas |9 342981 | |
| 583 | |a last modification |c 20060310 00:00:00 |k Rodrigo Vera | ||
| 999 | |c 316008 |d 316006 | ||
| 952 | |0 0 |1 2 |4 0 |6 620_112300000000000_BEE_2004 |7 0 |8 R |9 390035 |a BIBING |b BIBING |d 2019-11-22 |i 4210107 |o 620.1123 BEE 2004 |p 4210107 |r 2019-11-22 |w 2019-11-22 |y BK_R |k CIC | ||
| 952 | |0 0 |1 0 |2 ddc |4 0 |6 620_112300000000000_BEE_2004 |7 0 |8 A |9 390036 |a BIBING |b BIBING |c RES |d 2019-11-22 |i 4359763 |l 1 |o 620.1123 BEE 2004 |p 4359763 |r 2025-01-20 |s 2023-05-10 |w 2019-11-22 |y BK |k CIC | ||